Edexcel A level French / (Record no. 3154)
[ view plain ]
| 000 -LEADER | |
|---|---|
| fixed length control field | 00630nam a22002177a 4500 |
| 003 - CONTROL NUMBER IDENTIFIER | |
| control field | OSt |
| 005 - DATE AND TIME OF LATEST TRANSACTION | |
| control field | 20231020105302.0 |
| 008 - FIXED-LENGTH DATA ELEMENTS--GENERAL INFORMATION | |
| fixed length control field | 231020b ||||| |||| 00| 0 eng d |
| 020 ## - INTERNATIONAL STANDARD BOOK NUMBER | |
| International Standard Book Number | 9781471858161 |
| 040 ## - CATALOGING SOURCE | |
| Transcribing agency | KH8 |
| 082 ## - DEWEY DECIMAL CLASSIFICATION NUMBER | |
| Classification number | 448.242 HAR |
| 100 ## - MAIN ENTRY--PERSONAL NAME | |
| Personal name | Harrington, Karine, |
| Relator term | author. |
| 245 ## - TITLE STATEMENT | |
| Title | Edexcel A level French / |
| Statement of responsibility, etc. | Karine Harrington |
| 260 ## - PUBLICATION, DISTRIBUTION, ETC. | |
| Place of publication, distribution, etc. | London ; |
| Name of publisher, distributor, etc. | Hodder Education, |
| Date of publication, distribution, etc. | 2016. |
| 650 ## - SUBJECT ADDED ENTRY--TOPICAL TERM | |
| Topical term or geographic name entry element | Foreign language |
| Form subdivision | French language |
| General subdivision | Grammar |
| 700 ## - ADDED ENTRY--PERSONAL NAME | |
| Personal name | Thathapudi, Kirsty, |
| Relator term | author. |
| 700 ## - ADDED ENTRY--PERSONAL NAME | |
| Personal name | Hares, Rod, |
| Relator term | author. |
| 700 ## - ADDED ENTRY--PERSONAL NAME | |
| Personal name | O'Mahony, Wendy, |
| Relator term | author. |
| 700 ## - ADDED ENTRY--PERSONAL NAME | |
| Personal name | Gregg, Amy, |
| Relator term | author. |
| 942 ## - ADDED ENTRY ELEMENTS (KOHA) | |
| Source of classification or shelving scheme | |
| Koha item type | Teaching Resources |
| Withdrawn status | Lost status | Source of classification or shelving scheme | Damaged status | Not for loan | Collection code | Permanent Location | Current Location | Shelving location | Date acquired | Full call number | Barcode | Date last seen | Price effective from | Koha item type |
|---|---|---|---|---|---|---|---|---|---|---|---|---|---|---|
| Teaching Resources | KH8 Senior School Library | KH8 Senior School Library | Staff Office | 2023-10-20 | 448.242 HAR | TRKHSL004262 | 2023-10-20 | 2023-10-20 | Teaching Resources | |||||
| Teaching Resources | KH8 Senior School Library | KH8 Senior School Library | Staff Office | 2023-10-20 | 448.242 HAR | TRKHSL004263 | 2023-10-20 | 2023-10-20 | Teaching Resources | |||||
| Teaching Resources | KH8 Senior School Library | KH8 Senior School Library | Staff Office | 2023-10-20 | 448.242 HAR | TRKHSL004264 | 2023-10-20 | 2023-10-20 | Teaching Resources | |||||
| Teaching Resources | KH8 Senior School Library | KH8 Senior School Library | Staff Office | 2023-10-20 | 448.242 HAR | TRKHSL004265 | 2023-10-20 | 2023-10-20 | Teaching Resources | |||||
| Teaching Resources | KH8 Senior School Library | KH8 Senior School Library | Staff Office | 2023-10-20 | 448.242 HAR | TRKHSL004266 | 2023-10-20 | 2023-10-20 | Teaching Resources | |||||
| Teaching Resources | KH8 Senior School Library | KH8 Senior School Library | Staff Office | 2023-10-20 | 448.242 HAR | TRKHSL004267 | 2023-10-20 | 2023-10-20 | Teaching Resources | |||||
| Teaching Resources | KH8 Senior School Library | KH8 Senior School Library | Staff Office | 2023-10-20 | 448.242 HAR | TRKHSL004268 | 2023-10-20 | 2023-10-20 | Teaching Resources | |||||
| Teaching Resources | KH8 Senior School Library | KH8 Senior School Library | Staff Office | 2023-10-20 | 448.242 HAR | TRKHSL004269 | 2023-10-20 | 2023-10-20 | Teaching Resources | |||||
| Teaching Resources | KH8 Senior School Library | KH8 Senior School Library | Staff Office | 2023-10-20 | 448.242 HAR | TRKHSL004270 | 2023-10-20 | 2023-10-20 | Teaching Resources | |||||
| Teaching Resources | KH8 Senior School Library | KH8 Senior School Library | Staff Office | 2023-10-24 | 448.242 HAR | TRKHSL004559 | 2023-10-24 | 2023-10-24 | Teaching Resources |